Normal view MARC view

Entry Meeting Name

Number of records used in: 1

001 - CONTROL NUMBER

  • control field: 35925

003 - CONTROL NUMBER IDENTIFIER

  • control field: OSt

005 - DATE AND TIME OF LATEST TRANSACTION

  • control field: 20211105135815.0

008 - FIXED-LENGTH DATA ELEMENTS

  • fixed length control field: 211105|| aca||aabn | a|a d

040 ## - CATALOGING SOURCE

  • Original cataloging agency: OSt
  • Transcribing agency: OSt

111 ## - HEADING--MEETING NAME

  • Meeting name or jurisdiction name as entry element: International Workshop on Stellar Spectral Libraries
  • Location of meeting: Delhi
  • Date of meeting or treaty signing: 2011 Dec. 5-9

670 ## - SOURCE DATA FOUND

  • Source citation: Work cat.: (OSt): International Workshop on Stellar Spectral Libraries Delhi 2011 Dec. 5-9, International workshop on stellar spectral libraries, 2012

Powered by Koha